LEADER 01031nam a2200253 i 4500 001 000000164949 003 CaOOAMICUS 005 20240527161531.0 008 071003s1981 it u000 u ita u 040 $aSeMil$bita 100 1 $aMontale, Eugenio,$d<1896-1981>.$0(OLS)http://semarc/name/7222 245 10$aPrime alla scala /$cEugenio Montale ; a cura di Gianfranca Lavezzi. 264 1$aMilano :$bArnoldo Mondadori Editore,$c1981. 300 $a522 p. ;$c20 cm. 490 1 $aPassaggi ;$v2 650 4$aMontale, Eugenio <1896-1981> - Opere.$0(OLS)http://semarc/subject/32620 700 1 $aLavezzi, Gianfranca.$0(OLS)http://semarc/name/41179 830 0$aPassaggi ;$v2.$0(OLS)http://semarc/title/7839 850 $aSeMil 852 $aSeMil$W1$xVenegono$y1$m1B IV 208$j248509$B116148$CSeMilBibl$Z2$F126970 $81 961 $aRecupero: Altro 996 $6245$aPrime alla scala$9(OLS)http://semarc/title/235369 996 $6264$aMilano :$bArnoldo Mondadori Editore$9(OLS)http://semarc/publisher/30056 LEADER 00856nam a2200205 i 4500 001 000000179273 003 CaOOAMICUS 005 20250828112246.0 008 090508s1970 xxk u000 u mul u 040 $aSeMil$bita 245 10$a6: Dion and Brutus ; Timoleon and Aemilius Paulus. 300 $aX, 477 p. 490 1 $aThe Loeb Classical Library ;$v98 773 0 $aPlutarchus <46-120>$tPlutarch's lives.$dCambridge, Massachusetts : Harvard University Press ; London : Heinemann, 1968-1989.$g6$w()20401 830 4$aThe Loeb Classical Library ;$v98.$0(OLS)http://semarc/title/26868 850 $aSeMil 852 $aSeMil$W1$xVenegono$y1$m1Y II 2/6$j260998$B130037$CSeMilBibl$Z2$F141539 $81 961 $aOmaggio: Villa don Cesare 996 $6245$a6: Dion and Brutus ; Timoleon and Aemilius Paulus$9(OLS)http://semarc/title/257416